000 03166nam a2200409 i 4500
001 194061
003 SpMaBN
005 20250708195819.0
008 240220s2021 sp a | |||| 000 0 spa
017 _aCO 811-2021
_bOficina Depósito Legal Córdoba
020 _a9788418952357
040 _aSpMaBN
_bspa
_cSpMaBN
_erda
080 _a398.22(460.281)
100 _aTalavera, José
_9235684
245 1 0 _aGuadalajara de leyenda /
_cJosé Talavera.
246 0 _iSubtítulo de cubierta :
_aHistorias y leyendas de Guadalajara
250 _aPrimera edición en Almuzara: noviembre de 2021
264 1 _a[Córdoba] :
_bAlmuzara,
_c[2021]
264 4 _c©2021
300 _a265 páginas :
_bfotografías (blanco y negro) ;
_c24 cm
336 _aTexto
_2rdacontent
337 _asin mediación
_2rdamedia
338 _avolumen
_2rdacarrier
490 1 _aDe leyenda
504 _aBibliografía: páginas 259-264
520 _a¿Ha oído hablar de la posible procedencia alcarreña de Cristóbal Colón y de los rigurosos estudios que se han realizado en torno a esta teoría? ¿Conoce la relación entre Felipe IV y la actriz María Calderón, llamada «La Calderona», que fue fuente de polémicas durante su reinado? ¿Ha visitado en la capital de la provincia enclaves tan emblemáticos como el panteón de la duquesa de Sevillano o el barrio del Alamín, donde han ocurrido algunos de los hechos más interesantes de la zona a lo largo de los siglos? ¿Ha recorrido el Palacio Ducal de Pastrana, donde la princesa de Éboli pasó sus últimos años tras sufrir todo tipo de vicisitudes en su vida? En este libro hallará un buen número de leyendas y misterios que le harán conocer y comprender una tierra sin parangón, tanto por su gran pasado como por su belleza paisajística. Desde princesas y reinas en ciernes, cautivas en palacios y castillos de alto calibre, hasta apariciones marianas y otros milagros celestiales que provocaron un gran revuelo en su época. Pasando por tradiciones orales que nos hablan de grandes montañas sagradas, donde sucedieron hechos inexplicables, o amores imposibles entre personas de diferente credo o clase social, que acabaron en tragedia. Una serie de relatos e investigaciones de alto calibre que ayudarán a que el lector pueda comprender mejor la idiosincrasia de una provincia con magnos personajes y momentos de gran relevancia, y que cuenta con algunas de las poblaciones y parajes más fascinantes de la geografía nacional española.
650 7 _aLeyendas-
_zGuadalajara (Provincia)
_9174180
655 7 _aLeyendas
_2tgfbne
_9235685
830 _aDe Leyenda
_9235906
852 _aES-MaACL
_bR.155079
_cDEPOJ
_jN-9857
_xEncuadernación rústica con solapas
_hDonación: José Lázaro García
_9201794
_gFirmado por José Lázaro García
903 _9234219
_aLázaro García, José
_ednr
942 _cMONOGRAFIA
_n0
999 _c194061
_d194061